Регионална библиотека "Любен Каравелов" - Русе

Скоро на училище 2 (Запис номер 346815)

MARC детайли
000 -Лидер
Контролно поле с фиксирана дължина nam a22 a 4500
003 - Код на организацията, давaща контролен номер
Контролно поле BLK
005 - Дата и час на последна редакция
Контролно поле 20221008122654.0
008 - Елементи от данни с фиксирана дължина
fixed length control field 191127b bu ||||| |||| 00| 0 bu d
020 ## - Международен стандартен номер на книга ISBN
Международен стандартен номер на книга ISBN 9789542711292
040 ## - Източник на каталожния запис
Идентификатор на билиотеката - собственик на записа BLK
041 ## - Код за език
Код за езика на текст/звукозапис или на отделно заглавие Български
Код за езика КДБФ Български
080 ## - УДК
Текстов определител УДК Занимания в предучилищна възраст
УДК код - определител по УДК 372.3
УДК - код + определител 372.3
139 ## - Редно поле
Редна дума Скоро на училище 2
Авторски знак Ско - С 40
245 ## - Сведения за заглавието
Заглавие Скоро на училище 2
250 ## - Област на изданието
Сведения за изданието 1. допеч.
260 ## - Област на издателските данни
9 (RLIN) 209434
Място на издаване, разпространение и проч. София
Име на издателя, разпространителя и проч. Егмонт България
Година на издаване 2015
300 ## - Физическа характеристика
Страници 16 с.
Илюстрации и др. с ил.
Размери/Мащаб 28 см
380 ## - Жанр
Жанр Детска отраслова лит.
490 ## - СЕРИИ (Колекции)
9 (RLIN) 208147
Име на серия Маша и мечока
№: серия 2
999 ## - СИСТЕМНИ КОНТРОЛНИ НОМЕРА
Koha biblionumber 346815
Koha biblioitemnumber 346815
942 ## - АРТИКУЛИ
Вид на библиотечния материал Книги
Скрит в OPAC Не
Периодичен библиозапис Да
Koha issues (borrowed), all copies 1
944 ## - СЪЗДАВАНЕ И РЕДАКЦИЯ на ЗАПИСА
Създаване/Редакция Създаване
Дата на регистрацията/редакция 2019-11-27
Служител, извършил регистрацията/редакцията В.Р.
999 ## - СИСТЕМНИ КОНТРОЛНИ НОМЕРА
Koha biblioitemnumber 346815
999 ## - СИСТЕМНИ КОНТРОЛНИ НОМЕРА
Koha biblioitemnumber 346815
999 ## - СИСТЕМНИ КОНТРОЛНИ НОМЕРА
Koha biblioitemnumber 346814
Наличности
Код за отписване Код за изгубен артикул Източник на класификационната схема Код за повреда Коз за рестрикции Код за отдаване Артикулен № Име на библиотеката - собственик Име на библиотеката, в която се намира в момента Статус (Текущо местоположение) Дата на вписване в системата Местоположение - отдел Цена в лева Систематично азбучна сигнатура Баркод Цена в евро Служебен тип на артикула
  Не е изгубен Universal Decimal Classification Не е повреден без рестрикции заемане за дома 750439 Регионална библиотека "Любен Каравелов" Русе Регионална библиотека "Любен Каравелов" Русе Детски отдел 2019-12-03 Детски отдел 1.16 ДН 373.2/С 40 120000838784 0.59 Книги
  Не е изгубен Universal Decimal Classification Не е повреден без рестрикции заемане за дома 750440 Регионална библиотека "Любен Каравелов" Русе Регионална библиотека "Любен Каравелов" Русе Детски отдел 2019-12-03 Детски отдел 1.16 ДН 373.2/С 40 120000838785 0.59 Книги
Vip Innovations Ltd, Rousse, Bulgaria 2025